00388nam a22001337a 450000500170000000800410001704100130005808200130007110000130008424500410009726000580013830000320019665000260022820240611133635.0240611b |||||||| |||| 00| 0 eng d aEnglish  a349 LAW  lEnglish  aThe All England Law Reports: Reprint aLondon: bButterworth and Co. Publishers Ltd, c1959  bxxiii, 736 pages; c25 cm.  aLegal practice bLaw